000
00325nam a2200121Ia 4500
008
190415s9999 xx 000 0 und d
082
_a
RR.003;
100
_a
Raghava Rao, D.V.
245
0
_a
Jatapu Kotapadu colony : Evaluation study of an agricultural colony for shifting
260
_c
1975
300
_a
144p.
942
_c
BK
999
_c
16137
_d
16137